Most Populous European Countries - Sudden Death - Statistics

General Stats
  • This quiz has been taken 5,185 times
  • The average score is 12 of 18
Answers on the Grid
Answers color-coded by a green-red scale on the quiz's grid according to % correct below.
Albania
Austria
Belgium
Bulgaria
Czech Republic
Denmark
Finland
France
Germany
Greece
Hungary
Ireland
Italy
Lithuania
Luxembourg
Malta
Monaco
Netherlands
Norway
Poland
Portugal
Romania
Russia
Serbia
Slovakia
Spain
Sweden
Switzerland
Ukraine
United Kingdom
 
Answer Stats
Answer % Correct
83.7 mil Germany
95%
69.3 mil France
94%
70.4 mil United Kingdom
94%
143 mil Russia
92%
47.9 mil Spain
91%
59.0 mil Italy
89%
37.9 mil Poland
84%
39.6 mil Ukraine
83%
18.6 mil Netherlands
71%
18.8 mil Romania
68%
9.90 mil Greece
53%
10.7 mil Sweden
52%
10.4 mil Portugal
49%
11.8 mil Belgium
46%
9.59 mil Hungary
44%
9.11 mil Austria
41%
10.5 mil Czech Republic
40%
9.00 mil Switzerland
28%
No matching quizzes found
Score Distribution
Percent of People with Each Score
Percentile by Number Answered
Your Score History
You have not taken this quiz